[Event "Western Asia-ch U20 Girls"]
[Site "Colombo"]
[Date "2023.12.03"]
[Round "7"]
[White "Newansa, M Esandi"]
[Black "Agajanova, Meryem"]
[Result "1-0"]
[WhiteElo "1529"]
[BlackElo "1854"]
[PlyCount "73"]
[EventDate "2023.11.30"]
[EventType "swiss"]
[EventRounds "9"]
[EventCountry "SRI"]
[SourceTitle "CB50_2023"]
[SourceDate "2023.12.13"]
[SourceVersion "1"]
[SourceVersionDate "2023.12.13"]
[SourceQuality "1"]

1. d4 d5 2. Bf4 Nf6 3. e3 e6 4. Nd2 Bd6 5. Ngf3 c5 6. c3 Qc7 7. Bxd6 Qxd6 8. Ne5 Nbd7 9. f4 c4 10. a4 b6 11. Qf3 Rb8 12. g4 0-0 13. Qh3 a6 14. Be2 b5 15. axb5 axb5 16. 0-0 b4 17. Ra2 Nb6 18. Bd1 b3 19. Ra3 Bd7 20. g5 Ne4 21. Nxe4 dxe4 22. Be2 Bb5 23. Ra5 Qd5 24. Bg4 f5 25. gxf6 Rxf6 26. Bxe6+ Qxe6 27. Qxe6+ Rxe6 28. Rxb5 Ra8 29. Rf2 Ra4 30. Rc5 h5 31. Kg2 Kf8 32. Kh3 h4 33. Rg2 Ra1 34. Rc7 Re1 35. Rgxg7 Rxe3+ 36. Kxh4 Re2 37. Rcf7+ 1-0

[Event "Moscow Botvinnik Memorial U14 Girls"]
[Site "Moscow"]
[Date "2019.10.18"]
[Round "4"]
[White "Nur Mukhametova, Alisa"]
[Black "Agajanova, Meryem"]
[Result "1-0"]
[WhiteElo "2188"]
[BlackElo "1905"]
[PlyCount "79"]
[EventDate "2019.10.16"]
[EventType "tourn"]
[EventRounds "9"]
[EventCountry "RUS"]
[SourceTitle "CBM 192 Extra"]
[Source "Chessbase"]
[SourceDate "2019.11.06"]
[SourceVersion "1"]
[SourceVersionDate "2019.11.06"]
[SourceQuality "1"]

1. Nf3 Nf6 2. g3 d5 3. c4 g6 4. cxd5 Nxd5 5. d4 c5 6. e4 Nf6 7. d5 Bg7 8. Nc3 Nbd7 9. h3 Nb6 10. Be3 Nfd7 11. a4 a5 12. Bb5 0-0 13. 0-0 Ne5 14. Nxe5 Bxe5 15. Kg2 Qc7 16. f4 Bg7 17. Qf3 Bd7 18. Bxd7 Qxd7 19. e5 Rac8 20. Rfd1 Rfd8 21. b3 Qc7 22. Rac1 Rd7 23. e6 fxe6 24. Nb5 Qd8 25. dxe6 Rd3 26. Bxc5 Rd2+ 27. Bf2 Rxc1 28. Rxc1 Nd5 29. Kg1 Nb4 30. Qxb7 Rd1+ 31. Rxd1 Qxd1+ 32. Kg2 Qxb3 33. Qxe7 Qd5+ 34. Kh2 h5 35. Nc7 Qf3 36. Qc5 Nd3 37. Qe3 Qd1 38. e7 Nxf2 39. e8Q+ Kh7 40. Qxf2 1-0

[Event "Moscow Botvinnik Memorial U14 Girls"]
[Site "Moscow"]
[Date "2019.10.17"]
[Round "3"]
[White "Agajanova, Meryem"]
[Black "Utalieva, Dariga"]
[Result "1-0"]
[WhiteElo "1905"]
[BlackElo "1352"]
[PlyCount "81"]
[EventDate "2019.10.16"]
[EventType "tourn"]
[EventRounds "9"]
[EventCountry "RUS"]
[SourceTitle "CBM 192 Extra"]
[Source "Chessbase"]
[SourceDate "2019.11.06"]
[SourceVersion "1"]
[SourceVersionDate "2019.11.06"]
[SourceQuality "1"]

1. d4 Nf6 2. c4 g6 3. Nc3 Bg7 4. e4 d6 5. f3 0-0 6. Be3 Nbd7 7. Qd2 c5 8. d5 Ne5 9. g4 h5 10. gxh5 Nxh5 11. Be2 Qb6 12. h3 Qa6 13. Nb5 Qb6 14. f4 Ng3 15. Rh2 Nxe2 16. Qxe2 Nd7 17. Rg2 Nf6 18. Nc3 e6 19. dxe6 Bxe6 20. f5 Nxe4 21. Nxe4 Bxf5 22. Ng3 Be6 23. 0-0-0 Qb4 24. Rxd6 Bxc4 25. Qd2 Bxb2+ 26. Qxb2 Qe1+ 27. Rd1 Qxe3+ 28. Kb1 Rfd8 29. Rc1 Bd5 30. Nh5 Be4+ 31. Ka1 Rd4 32. Re2 Qg5 33. Rxe4 gxh5 34. Rxd4 cxd4 35. Nf3 Qe3 36. Rg1+ Kf8 37. Qb4+ Ke8 38. Re1 Qxe1+ 39. Qxe1+ Kd7 40. Nxd4 Re8 41. Qd1 1-0